000 00519nam a22001932 4500
001 0000002452
005 20170406114234.0
008 140312s xx 000 0 eng d
020 _c$
040 _aYour Holding Symbol
_cYour Holding Symbol
100 1 _aSkinner,M.R.
245 1 0 _aAccounting principles :
_ba canadian view point.
250 _a ed.
260 _aToronto :
_bThe canadian,
_c1972.
300 _a483 p. ;
_c cm.
504 _aindex.
650 0 _aaccounting.
908 _a140312
999 _c2342
_d2342